Music Quiz

Random Music or Artist Quiz

Girl and Boy Songs Quiz Stats

 Plays Quiz not verified by Sporcle

Challenge
Share
Tweet
Score 0/40 Timer 06:00
0 Plays Today
% Correct
Girls Just Wanna Have Fun
95.1%
Material Girl
93.2%
Hollaback Girl
84.5%
Brown Eyed Girl
83.5%
Uptown Girl
80.6%
A Boy Named Sue
76.7%
Barbie Girl
75.7%
Jessie's Girl
71.8%
If I Were A Boy
65%
Girls On Film
64.1%
Big Girls Don't Cry
64.1%
The Girl Is Mine
63.1%
China Girl
60.2%
Girl On Fire
57.3%
The Boy Is Mine
56.3%
Rude Boy
56.3%
Let's Hear It For The Boy
56.3%
What A Girl Wants
55.3%
Waiting For A Girl Like You
49.5%
I Know What Boys Like
42.7%
% Correct
American Boy
40.8%
Brown Girl In The Ring
37.9%
Good Old Fashioned Lover Boy
36.9%
Bad Girls
35.9%
Fell In Love With A Girl
35%
Lonely Boy
31.1%
Sunday Girl
30.1%
Hello Little Girl
29.1%
All The Girls Love Alice
28.2%
One Of The Boys
27.2%
Summer Girls
27.2%
Pretty Girls Make Graves
26.2%
Boys, Boys, Boys
24.3%
How You Get The Girl
20.4%
Factory Girl
20.4%
All The Pretty Girls
20.4%
Boots & Boys
20.4%
Every Girl Like Me
18.4%
Where The White Boys Dance
17.5%
Who's That Boy
17.5%

You're not logged in!

Compare scores with friends on all Sporcle quizzes.
Join for Free
OR
Log In

You Might Also Like...

Show Comments

Extras

Top Quizzes Today


Score Distribution

Your Account Isn't Verified!

In order to create a playlist on Sporcle, you need to verify the email address you used during registration. Go to your Sporcle Settings to finish the process.

Report this User

Report this user for behavior that violates our Community Guidelines.

Details: